000 00448nam a2200181Ia 4500
008 230524s9999 xx 000 0 und d
020 _a9780070152595
082 _a174.4
_bFRA
100 _aRonald D Francis
245 0 _aBusiness Ethics ( An Indian Perspective)
250 _aIST
260 _aNEW DELHI
_bTMH
_c2009
300 _aXIV;241
500 _aQuantity Number: 7
650 _aManagement
700 _a Mukti Mishra
942 _cBK
999 _c45071
_d45071